000 00471nam a22001697a 4500
003 UA-OsUOA
001 11544
007 ta
008 20050327b un ||||| |||| 00| 0 ukr d
942 _cSA
040 _aUA-OsUOA
_cUA-OsUOA
_dUA-OsUOA
245 _aПро податок з доходів фізичних осіб
300 _aС.21
955 _a0
773 0 _w0
_tПраця і зарплата
_dКиїв
_d2005
_g№11
650 7 _aПодаткове право
_2UDC
999 _c297705
_d297705